Journal of marketing and operations management research

Detalles Bibliográficos
Formato: Electrónico Revista
Lenguaje:inglés
Publicado: Hauppauge, N.Y. : Nova Science Publishers, Inc.
Materias:
Acceso en línea:Full text available from Research Library: 01/01/2011 to 10/31/2012

MARC

LEADER 00000nas a2200000 a 4500
001 ssj0001454330
003 WaSeSS
005 20200512172242.0
006 m d
007 cr n
008 090716c20119999nyuqr p s | a0eng
010 |a  2009200350 
022 |y 1949-4912 
035 |a (WaSeSS)ssj0001454330 
037 |b Nova Science Publishers, Inc., 400 Oser Avenue, Suite 1600, Hauppauge, NY 11788-3619  |c $55.00 (single issue) 
040 |a DLC  |b eng  |c DLC  |d DLC  |d OCLCF  |d OCLCO  |d AU@  |d CUS  |d WaSeSS 
042 |a pcc  |a nsdp 
050 0 0 |a HF5410  |b .J6936 
082 1 0 |a 658.8  |2 14 
210 0 |a J. mark. oper. manag. res. 
222 0 |a Journal of marketing and operations management research 
245 0 0 |a Journal of marketing and operations management research  |h [electronic resource]. 
260 |a Hauppauge, N.Y. :  |b Nova Science Publishers, Inc. 
310 |a Quarterly 
362 1 |a Began with v. 1, no. 1 (2011). 
506 |a License restrictions may limit access. 
588 |a Description based on: Vol. 1, no. 1 (2011); title from cover. 
588 |a Latest issue consulted: Vol. 1, no. 1 (2011). 
650 0 |a Marketing  |v Periodicals. 
650 0 |a Industrial management  |v Periodicals. 
650 7 |a Industrial management.  |2 fast  |0 (OCoLC)fst00971246 
650 7 |a Marketing.  |2 fast  |0 (OCoLC)fst01010167 
655 0 |a Electronic journals. 
850 |a DLC 
856 4 0 |z Full text available from Research Library: 01/01/2011 to 10/31/2012  |u https://search.proquest.com/publication/2034834